Determinación de las variables eléctricas de los descargadores de sobretensión más adecuados a ser utilizados en la red de media tensión de la Compañía Nacional de Fuerza y Luz, S.A
Αποθηκεύτηκε σε:
| Κύριος συγγραφέας: | |
|---|---|
| Άλλοι συγγραφείς: | |
| Μορφή: | Βιβλίο |
| Γλώσσα: | Spanish |
| Έκδοση: |
[San José, Costa Rica]
2012
|
| Θέματα: | |
| Ετικέτες: |
Προσθήκη ετικέτας
Δεν υπάρχουν, Καταχωρήστε ετικέτα πρώτοι!
|
MARC
| LEADER | 00000nam a22000007a 4500 | ||
|---|---|---|---|
| 003 | 010867 | ||
| 005 | 20230828100952.0 | ||
| 008 | 151022b2012 cr a|||| |||| 00| ||spa d | ||
| 040 | |c cru CEDI | ||
| 090 | |a TFG 6689 | ||
| 100 | |9 1232 |a Ramírez Madriz, Daniel, 1988- | ||
| 245 | |a Determinación de las variables eléctricas de los descargadores de sobretensión más adecuados a ser utilizados en la red de media tensión de la Compañía Nacional de Fuerza y Luz, S.A | ||
| 260 | |a [San José, Costa Rica] |c 2012 | ||
| 300 | |a xiv, 66 páginas : ilustraciones | ||
| 500 | |a Proyecto de graduación (bachillerato en ingeniería)--Universidad de Costa Rica. Facultad de Ingeniería. Escuela de Ingeniería Eléctrica, 2012 | ||
| 501 | |a Profesor Guía de IE-0502 Proyecto Eléctrico: Ing. Raúl Fernández Vásquez | ||
| 650 | |x DESCARGAS ELECTRICAS |x ELECTRICIDAD |x SISTEMAS DE ENERGIA ELECTRICA |x DISTRIBUCION DE LA FUERZA ELECTRICA |x LINEAS ELECTRICAS |x ELECTRICIDAD - MEDICIONES |9 1753 | ||
| 700 | |9 803 |a Fernández Vásquez, Raúl Gerardo, 1984- |d Director de Proyecto Eléctrico | ||
| 942 | |c CEDI | ||
| 999 | |c 14255 |d 14255 | ||
